MARC

LEADER 00000nam0a2200000 4500
001 366065
005 20231102011839.0
035 |a (RuTPU)RU\TPU\retro\23428 
090 |a 366065 
100 |a 20220128d1979 km y0rusy50 ca 
101 0 |a rus 
102 |a RU 
105 |a a z 001zy 
200 1 |a Соотношение древней и кайнозойской структур в Байкальской рифтовой зоне  |f Академия наук СССР, Сибирское отделение, Институт земной коры ; отв. ред. С. Ф. Павлов 
210 |a Новосибирск  |c Наука  |d 1979 
215 |a 126 с.  |c ил. 
320 |a Библиогр.: с. 121-124 
606 1 |a Геология структурная  |2 stltpush  |3 (RuTPU)RU\TPU\subj\6122  |9 34080 
610 1 |a кайнозой 
610 1 |a Байкальский рифт 
610 1 |a докайнозойская структура 
610 1 |a впадины 
610 1 |a фундаменты 
610 1 |a соотношения 
610 1 |a рифтогенез 
610 1 |a геологическая история 
675 |a 551.243  |v 4 
702 1 |a Павлов  |b С. Ф.  |4 340 
712 0 2 |a Академия наук СССР  |b Сибирское отделение  |b Институт земной коры  |c (Иркутск)  |c (1957-1992)  |2 stltpush  |3 (RuTPU)RU\TPU\col\11543  |9 25168 
801 1 |a RU  |b 63413507  |c 20220128 
942 |c BK